000 00611nam a2200205 a 4500
001 14334
003 CO-ViMGA
008 141112s2004 ck r 000 u spa d
020 _a9588013232
040 _aCO-ViMGA
_bspa
_cCO-ViMGA
082 0 4 _a371.3358 C654t
110 _aComision Nacional de Television
_920985
245 1 0 _aTelevision publica regional :
_brealidad y futuro
260 _aSantafé de Bogotá :
_bRasgo y Color,
_c1998
300 _a130
490 _aTelevision educativa No.4
650 1 4 _aTELEVISION EN LA educación
_920986
650 1 4 _aTELEVISION Y Política
_920987
942 _2ddc
_cBK
999 _c25014
_d25014